Mistrzowie Cypru w piłce nożnej - nagła śmierć - Statystyki

Ogólne statystyki
  • Ten quiz został rozwiązany 29 razy
  • Średni wynik to 4 z 12
Answers on the Grid
Answers color-coded by a green-red scale on the quiz's grid according to % correct below.
Doxa Katokopias
APOEL FC
Omonia Nikozja
AEK Larnaka
EPA Larnaka
Enosis Neon Trust
Ethnikos Achna
Cetinkaya TSK
Olympiakos Nikozja
Omonia Aradipu
Aris Limassol
Apollon Limassol
Enosis Neon Paralimni
Pezoporikos Larnaka
AE Larisa
AEL Limassol
Pafos FC
Anorthosis Famagusta
 
Statystyki odpowiedzi
Odpowiedź % Poprawnych
APOEL FC
76%
Omonia Nikozja
72%
Apollon Limassol
56%
Pafos FC
56%
Anorthosis Famagusta
48%
Aris Limassol
48%
AEL Limassol
32%
Olympiakos Nikozja
24%
Cetinkaya TSK
4%
Enosis Neon Trust
4%
EPA Larnaka
4%
Pezoporikos Larnaka
4%
Nie znaleziono quizów pasujących do podanych kryteriów
Rozkład punktacji
Procent ludzi z każdym wynikiem
Percentyl według liczby udzielonych odpowiedzi
Twoja historia wyników
Nie rozwiązałeś tego quizu